000 00315nam a2200133Ia 4500
008 170203s9999 xx 000 0 und d
020 _a0-307128539
050 _aFic
050 _b.In53
100 _aIngoglia, Gina
245 _aGemstones /
260 _aU.S.A :
260 _bWestern Publishing Company, Inc.,
999 _c306093
_d306093